000 01042cam a22003137a 4500
003 CHAP
005 20220329135257.0
008 971013s1966 r 00010 d
010 _a33687
011 _a34659
035 _a38775
040 _cCHAP
090 _aTesis
100 0 0 _aMedrano Corona, Luis.
_974132
245 0 _aAnteproyecto de un sistema de refrigeración para una bodega con una capacidad de 20,000 cajas de manzanas
260 _aMéxico, D.F. :
_bEl autor,
_c1966
300 _a118 h.
_b; apénd. : ilus. ; gráfs
502 _aTesis (Ing. Mecánico Electricista) -- UNAM. Fac. de Ingeniería
590 _aALEPH
_b10
_c20130110
_lUCH01
_h1258
590 _aBATCH-UPD
_b10
_c20130110
_lUCH01
_h2003
590 _aBATCH-UPD
_b10
_c20130410
_lUCH01
_h1323
590 _aBATCH-UPD
_b10
_c20130914
_lUCH01
_h1437
590 _aCONVERSION
_b10
_c20130109
_lUCH01
_h1319
650 1 4 _aFrigoríficos.
_943317
650 1 4 _aManzana congelada.
_970816
901 _aBK
942 _cTESIS
949 _bBC
_cTES
_d-88608
_eTS1
_i38775
_si
999 _c33687
_d33687